Malezas presentes en Chile

Bewaard in:
Bibliografische gegevens
Hoofdauteur: Espinoza Neira, Nelson (Auteur)
Formaat: Boek
Taal:Spaans
Gepubliceerd in: Concepción INIA 1996
Onderwerpen:
Tags: Voeg label toe
Geen labels, Wees de eerste die dit record labelt!

MARC

LEADER 00000nam a2200000 a 4500
001 UCS6820
003 CL-VaPUC
005 20241017113106.0
008 971003e19960000CL |||||||||||||||||spa|d
999 |c 262393  |d 262391 
020 |a 9567016062 
040 |c Pontificia Universidad Católica de Valparaíso 
082 0 4 |a 632.58  |b ESP  |2 21 
100 |a Espinoza Neira, Nelson  |e author  |9 301148 
245 1 0 |a Malezas presentes en Chile 
260 |a Concepción  |b INIA  |c 1996 
300 |a 219 p 
583 |a last modification  |c 20180322 05:09:13  |k Rodrigo Vera 
650 0 |a Malezas  |9 264171  |z Chile 
650 0 |a Familia de malezas  |9 892425 
650 0 |a Glosario de malezas  |9 892426 
942 |c BK  |2 ddc 
945 |d 19971003 00:00:00  |a rleighto 
952 |0 0  |1 0  |4 0  |6 632_580000000000000_ESP_1996  |7 0  |8 R  |9 290805  |a BIBAGR  |b BIBAGR  |d 2019-11-19  |i 3352390  |l 3  |o 632.58 ESP 1996  |p 3352390  |r 2025-01-20  |s 2022-03-31  |w 2019-11-19  |y BK_R  |k AGR 
952 |0 0  |1 0  |4 0  |6 632_580000000000000_ESP_1996  |7 0  |8 R  |9 290806  |a BIBAGR  |b BIBAGR  |d 2019-11-19  |i 3352404  |l 8  |o 632.58 ESP 1996  |p 3352404  |r 2025-01-20  |s 2024-05-24  |w 2019-11-19  |y BK_R  |k AGR 
952 |0 0  |1 0  |4 0  |6 632_580000000000000_ESP_1996  |7 0  |8 R  |9 290807  |a BIBAGR  |b BIBAGR  |d 2019-11-19  |i 3352412  |l 6  |o 632.58 ESP 1996  |p 3352412  |r 2025-01-20  |s 2022-03-31  |w 2019-11-19  |y BK_R  |k AGR 
952 |0 0  |1 0  |4 0  |6 632_580000000000000_ESP_1996  |7 0  |8 R  |9 290808  |a BIBAGR  |b BIBAGR  |d 2019-11-19  |i 339509K  |l 4  |o 632.58 ESP 1996  |p 339509K  |r 2025-01-20  |s 2024-07-23  |w 2019-11-19  |y BK_R  |k AGR 
952 |0 0  |1 0  |4 0  |6 632_580000000000000_ESP_1996  |7 0  |8 R  |9 290809  |a BIBAGR  |b BIBAGR  |d 2019-11-19  |i 400048K  |l 1  |o 632.58 ESP 1996  |p 400048K  |r 2025-01-20  |s 2022-03-21  |w 2019-11-19  |y BK_R  |k AGR 
952 |0 0  |1 0  |4 0  |6 632_580000000000000_ESP_1996  |7 0  |8 R  |9 290810  |a BIBAGR  |b BIBAGR  |d 2019-11-19  |i 4000498  |l 7  |o 632.58 ESP 1996  |p 4000498  |r 2025-03-31  |s 2025-03-27  |w 2019-11-19  |y BK_R  |k AGR 
952 |0 0  |1 0  |4 0  |6 632_580000000000000_ESP_1996  |7 0  |8 R  |9 290811  |a BIBAGR  |b BIBAGR  |d 2019-11-19  |i 4000501  |l 2  |o 632.58 ESP 1996  |p 4000501  |r 2025-01-20  |s 2022-03-30  |w 2019-11-19  |y BK_R  |k AGR 
952 |0 0  |1 0  |4 0  |6 632_580000000000000_ESP_1996  |7 0  |8 R  |9 290812  |a BIBAGR  |b BIBAGR  |d 2019-11-19  |i 400051K  |l 7  |o 632.58 ESP 1996  |p 400051K  |r 2025-01-20  |s 2023-03-20  |w 2019-11-19  |y BK_R  |k AGR 
952 |0 0  |1 0  |4 0  |6 632_580000000000000_ESP_1996  |7 0  |8 R  |9 290813  |a BIBAGR  |b BIBAGR  |d 2019-11-19  |i 4684176  |l 8  |o 632.58 ESP 1996  |p 4684176  |r 2025-01-20  |s 2024-05-20  |w 2019-11-19  |y BK_R  |k AGR